000
00280nam a2200121 a 4500
005
20140414093844.0
008
090625s19uu xx uuu eng d
050
_a
DVD 791.43
_b
ANI 2000
245
_a
The Animal.
650
_a
Motion pictures.
942
_c
AVM
999
_c
109466
_d
109466